| 000 | 01258nam a2200289 a 4500 | ||
|---|---|---|---|
| 003 | OSt | ||
| 005 | 20240226142438.0 | ||
| 007 | cr ||||||a|c|a | ||
| 008 | 240221s2022 mx a|||fom||| 001 0 spa d | ||
| 040 | _erda | ||
| 100 | 1 |
_9188811 _aCervantes Silva, Mauricio |
|
| 245 | 1 | 0 |
_aGrasa de sobrepaso en corderas destetadas, para medir su efecto en la entrada a la pubertad, respuesta hormonal y grasa dorsal / _cpor Mauricio Cervantes Silva ; director de tesis Laura Haydée Vallejo Hernández. |
| 264 | 1 |
_aChapingo, México : _bEl autor, _c2022. |
|
| 300 |
_a1 recurso en línea (76 páginas): _bcuadros, figuras. |
||
| 336 |
_2rdacontent _atexto _btxt |
||
| 337 |
_2rdamedia _acomputadora _bc |
||
| 338 |
_2rdacarrier _arecurso en línea _bcr |
||
| 502 |
_bIAEZ _cZootecnía _d2022. _gLIC |
||
| 504 | _aIncluye referencias bibliográficas: páginas 63-65. | ||
| 650 | 4 |
_9144080 _aCorderos _xEngorda |
|
| 650 | 4 |
_9188812 _aCorderos _xCrecimiento |
|
| 650 | 4 |
_9145672 _aGrasa dorsal |
|
| 650 | 4 |
_9143427 _aDinámica folicular |
|
| 700 | 1 |
_9188353 _aVallejo Hernández, Laura Haydée _eDirector de tesis. |
|
| 856 |
_uhttp://10.13.5.2/tesis/tl/16104211_Cervantes_Silva_Mauricio.pdf _zDESCARGAR PDF |
||
| 942 |
_2Clasificación Universidad Autónoma Chapingo _cTD |
||
| 999 |
_c219737 _d219737 |
||